[Event "RUS IPCA-ch"]
[Site "Nalchik"]
[Date "2016.05.04"]
[Round "5"]
[White "Dorozhkina, Mariya"]
[Black "Shchukina, Ekaterina"]
[Result "1/2-1/2"]
[WhiteElo "1517"]
[BlackElo "1514"]
[PlyCount "79"]
[EventDate "2016.04.30"]
[EventType "swiss"]
[EventRounds "9"]
[EventCountry "RUS"]
[SourceTitle "CBM 172 Extra"]
[Source "ChessBase"]
[SourceDate "2016.06.21"]
[SourceVersion "1"]
[SourceVersionDate "2016.06.21"]
[SourceQuality "1"]

1. e4 c5 2. Nc3 e6 3. g3 d5 4. exd5 exd5 5. Bg2 Nf6 6. d3 Be7 7. Nge2 0-0 8. 0-0 Bg4 9. Qe1 Nc6 10. h3 d4 11. Nb1 Bd7 12. a4 Re8 13. Nf4 Rc8 14. Kh2 Nb4 15. Qd1 Bc6 16. f3 Bd6 17. c3 dxc3 18. bxc3 Nbd5 19. Nxd5 Nxd5 20. Re1 Qc7 21. f4 Rxe1 22. Qxe1 Re8 23. Qh1 Ne7 24. Bxc6 Qxc6 25. Qxc6 Nxc6 26. Ba3 Bf8 27. Ra2 Re1 28. Rb2 b6 29. Kg2 Ne7 30. d4 cxd4 31. cxd4 Nf5 32. Bxf8 Kxf8 33. d5 Rd1 34. Nc3 Rd3 35. Nb5 Ne3+ 36. Kf2 Nxd5 37. Nxa7 Ra3 38. Nc8 Rxa4 39. Nxb6 Nxb6 40. Rxb6 1/2-1/2

[Event "Moscow op-B (Women)"]
[Site "Moscow"]
[Date "2016.02.02"]
[Round "4"]
[White "Shchukina, Ekaterina"]
[Black "Bychenkova, Yulia"]
[Result "0-1"]
[WhiteElo "1514"]
[BlackElo "1726"]
[PlyCount "154"]
[EventDate "2016.01.30"]
[EventType "swiss"]
[EventRounds "9"]
[EventCountry "RUS"]
[SourceTitle "CBM 170 Extra"]
[Source "ChessBase"]
[SourceDate "2016.02.25"]
[SourceVersion "1"]
[SourceVersionDate "2016.02.25"]
[SourceQuality "1"]

1. e4 c5 2. Nf3 Nc6 3. d4 cxd4 4. Nxd4 Nf6 5. Nc3 d6 6. Be2 g6 7. Be3 Bg7 8. f3 a6 9. Qd2 0-0 10. 0-0-0 Bd7 11. g4 b5 12. Nxc6 Bxc6 13. Bh6 b4 14. Bxg7 Kxg7 15. Nd5 Bxd5 16. exd5 Qb6 17. Rhe1 Rac8 18. g5 Nd7 19. Qd4+ Qxd4 20. Rxd4 a5 21. Bb5 Ne5 22. Re3 Rc5 23. Ba4 Rc7 24. Rde4 f5 25. gxf6+ exf6 26. f4 f5 27. Rd4 Nc4 28. Re6 Nb6 29. Bc6 Rf6 30. Re2 Rff7 31. Re6 Nc8 32. Rd3 Rfe7 33. Rde3 Kf7 34. Rxe7+ Nxe7 35. Ba4 Rc4 36. Re6 Nc8 37. Bd7 Ne7 38. Rxd6 Rxf4 39. Be6+ Kf8 40. Rd8+ Kg7 41. d6 Nc6 42. Rg8+ Kf6 43. Bd5 Ne5 44. Rf8+ Kg7 45. Rg8+ Kf6 46. Rf8+ Kg5 47. Re8 Nd7 48. Bc6 Nb6 49. d7 Nxd7 50. Bxd7 Rf2 51. Ra8 Rf1+ 52. Kd2 Rf2+ 53. Kd3 Rxh2 54. Rxa5 h5 55. Ra6 h4 56. Be8 Kf4 57. Rxg6 Rh3+ 58. Kc4 Re3 59. Bc6 Re2 60. Kb3 h3 61. Rh6 h2 62. c3 bxc3 63. bxc3 Kg5 64. Rh8 Re6 65. Bd5 Rb6+ 66. Ka4 Rb2 67. a3 f4 68. c4 Kg4 69. Rg8+ Kf5 70. c5 Ke5 71. Rg5+ Kf6 72. Rg2 h1Q 73. Rxb2 Qxd5 74. Rb6+ Ke5 75. Kb5 f3 76. Rd6 Qxd6 77. cxd6 Kxd6 0-1

[Event "Moscow op-B (Women)"]
[Site "Moscow"]
[Date "2016.01.31"]
[Round "2"]
[White "Antonova, Nadezhda"]
[Black "Shchukina, Ekaterina"]
[Result "1-0"]
[WhiteElo "1966"]
[BlackElo "1514"]
[PlyCount "41"]
[EventDate "2016.01.30"]
[EventType "swiss"]
[EventRounds "9"]
[EventCountry "RUS"]
[SourceTitle "CBM 170 Extra"]
[Source "ChessBase"]
[SourceDate "2016.02.25"]
[SourceVersion "1"]
[SourceVersionDate "2016.02.25"]
[SourceQuality "1"]

1. Nf3 d5 2. d4 Nf6 3. e3 e6 4. Bd3 Be7 5. 0-0 0-0 6. Nbd2 c5 7. b3 Nc6 8. Bb2 cxd4 9. exd4 Bd7 10. a3 Rc8 11. Ne5 Bd6 12. f4 Bxe5 13. fxe5 Ne8 14. Kh1 Nc7 15. c4 dxc4 16. bxc4 Be8 17. Ne4 Qh4 18. Rf3 h6 19. Rh3 Qd8 20. Nf6+ Kh8 21. Qd2 1-0

[Event "RUS IPCA-ch"]
[Site "Nalchik"]
[Date "2015.05.01"]
[Round "2"]
[White "Shchukina, Ekaterina"]
[Black "Kaydanovich, Marina"]
[Result "0-1"]
[WhiteElo "1522"]
[BlackElo "1847"]
[PlyCount "110"]
[EventDate "2015.04.30"]
[EventType "swiss"]
[EventRounds "9"]
[EventCountry "RUS"]
[SourceTitle "EXT 2018"]
[Source "ChessBase"]
[SourceDate "2017.10.13"]
[SourceVersion "1"]
[SourceVersionDate "2017.10.13"]
[SourceQuality "1"]

1. e4 c5 2. Nf3 Nc6 3. d4 cxd4 4. Nxd4 e5 5. Nb5 d6 6. N5c3 a6 7. Na3 b5 8. Nd5 Nf6 9. Bg5 h6 10. Bxf6 gxf6 11. Bd3 Be6 12. Ne3 d5 13. exd5 Bxd5 14. c4 Bb4+ 15. Kf1 bxc4 16. Bxc4 Bxc4+ 17. Naxc4 Qxd1+ 18. Rxd1 Nd4 19. Nd5 Rb8 20. Nxf6+ Ke7 21. Ng4 f6 22. g3 h5 23. Nge3 Ke6 24. Kg2 h4 25. h3 Rbg8 26. a3 Be7 27. Rhe1 f5 28. Nf1 Nc6 29. Nfd2 hxg3 30. fxg3 Bh4 31. Nf1 Be7 32. Rd3 Bc5 33. b4 Bd4 34. Nfd2 e4 35. Rb3 Rh7 36. a4 Rb7 37. b5 axb5 38. axb5 Ne5 39. Nxe5 Bxe5 40. Nc4 Bb8 41. Kf2 Kd5 42. Ne3+ Ke6 43. Rc1 Bxg3+ 44. Kf1 Rd7 45. Rc6+ Rd6 46. Rxd6+ Bxd6 47. Nc4 Bb8 48. b6 f4 49. b7 Kd5 50. Nb6+ Kc6 51. Nc4 Ba7 52. Ne5+ Kd5 53. Nd7 Rg1+ 54. Ke2 f3+ 55. Kd2 f2 0-1

[Event "Moscow op-B (Women)"]
[Site "Moscow"]
[Date "2015.02.04"]
[Round "5"]
[White "Shchukina, Ekaterina"]
[Black "Bulatova, Kamaliya"]
[Result "0-1"]
[WhiteElo "1550"]
[BlackElo "1764"]
[PlyCount "62"]
[EventDate "2015.01.31"]
[EventType "swiss"]
[EventRounds "9"]
[EventCountry "RUS"]
[SourceTitle "CBM 164 Extra"]
[Source "ChessBase"]
[SourceDate "2015.03.02"]
[SourceVersion "1"]
[SourceVersionDate "2015.03.02"]
[SourceQuality "1"]

1. e4 c5 2. Nf3 e6 3. d4 cxd4 4. Nxd4 d6 5. Nc3 a6 6. Be2 Nf6 7. 0-0 Be7 8. Be3 Nc6 9. f4 0-0 10. Kh1 Bd7 11. Qe1 b5 12. a3 Qc7 13. Rd1 Rfd8 14. Bf3 Rac8 15. Qf2 Rb8 16. f5 Ne5 17. fxe6 Bxe6 18. Nxe6 fxe6 19. Qg3 Kh8 20. Bd4 Nc4 21. Be2 e5 22. Bxc4 Qxc4 23. Bxe5 dxe5 24. Qxe5 Re8 25. Nd5 Nxd5 26. exd5 Bxa3 27. Qg3 Bxb2 28. Rf7 Qc3 29. Qh4 Rf8 30. Re7 Qxc2 31. Rde1 Bf6 0-1

[Event "RUS IPCA-ch"]
[Site "Nalchik"]
[Date "2014.05.09"]
[Round "9"]
[White "Shumsky, Vladimir"]
[Black "Shchukina, Ekaterina"]
[Result "1-0"]
[WhiteElo "1868"]
[BlackElo "1531"]
[PlyCount "44"]
[EventDate "2014.05.01"]
[EventType "swiss"]
[EventRounds "9"]
[EventCountry "RUS"]
[SourceTitle "CBM 160 Extra"]
[Source "ChessBase"]
[SourceDate "2014.07.01"]
[SourceVersion "1"]
[SourceVersionDate "2014.07.01"]
[SourceQuality "1"]

1. d4 e5 2. c3 exd4 3. cxd4 d5 4. Nf3 Nf6 5. Bg5 Bb4+ 6. Nbd2 0-0 7. a3 Be7 8. e3 Nc6 9. b4 a6 10. Bd3 h6 11. Bh4 Ng4 12. Bxe7 Qxe7 13. 0-0 f5 14. Nb3 f4 15. exf4 Rxf4 16. Ra2 Qf7 17. h3 Nf6 18. g3 Qh5 19. Nh2 Qg5 20. Kh1 Bxh3 21. Rg1 Rxf2 22. Rxf2 Ne4 1-0

[Event "IPCA Wch-A 13th"]
[Site "Velke Losiny"]
[Date "2013.06.21"]
[Round "5"]
[White "Shchukina, Ekaterina"]
[Black "Klimes, Jan"]
[Result "1/2-1/2"]
[WhiteElo "1512"]
[BlackElo "1767"]
[PlyCount "27"]
[EventDate "2013.06.18"]
[EventType "swiss"]
[EventRounds "9"]
[EventCountry "CZE"]
[SourceTitle "CBM 155 Extra"]
[Source "ChessBase"]
[SourceDate "2013.08.26"]
[SourceVersion "1"]
[SourceVersionDate "2013.08.26"]
[SourceQuality "1"]

1. e4 c5 2. Nf3 Nc6 3. Bb5 e6 4. 0-0 a6 5. Bxc6 bxc6 6. e5 Ne7 7. d4 cxd4 8. Qxd4 Ng6 9. Bg5 Be7 10. Bxe7 Qxe7 11. Nc3 0-0 12. Ne4 Qd8 13. Rad1 Ne7 14. Nd6 1/2-1/2

[Event "IPCA Wch-A 13th"]
[Site "Velke Losiny"]
[Date "2013.06.18"]
[Round "1"]
[White "Shchukina, Ekaterina"]
[Black "Marievsky, Maxim"]
[Result "0-1"]
[WhiteElo "1512"]
[BlackElo "1965"]
[PlyCount "64"]
[EventDate "2013.06.18"]
[EventType "swiss"]
[EventRounds "9"]
[EventCountry "CZE"]
[SourceTitle "CBM 155 Extra"]
[Source "ChessBase"]
[SourceDate "2013.08.26"]
[SourceVersion "1"]
[SourceVersionDate "2013.08.26"]
[SourceQuality "1"]

1. e4 Nf6 2. Nc3 d5 3. e5 Nfd7 4. d4 e6 5. Nf3 c5 6. Be3 Nc6 7. Bb5 a6 8. Bxc6 bxc6 9. dxc5 Nxc5 10. 0-0 Be7 11. Qd4 h5 12. Bg5 Nd7 13. Bxe7 Qxe7 14. b4 c5 15. bxc5 Qxc5 16. Qxc5 Nxc5 17. Nd4 Bd7 18. Rab1 Ke7 19. Rb2 Rhc8 20. f3 Rc7 21. Rfb1 Rac8 22. Rb6 f6 23. exf6+ gxf6 24. Re1 Kf7 25. Reb1 Bc6 26. Nxc6 Rxc6 27. Rxc6 Rxc6 28. Ne2 e5 29. c3 Na4 30. Rb3 Ke6 31. Kf2 Nc5 32. Rb4 Nd3+ 0-1